| 000 | 00802nam a22002417a 4500 | ||
|---|---|---|---|
| 003 | UA-OsUOA | ||
| 001 | 60458 | ||
| 007 | ta | ||
| 008 | 20090520b un ||||| |||| 00| 0 ukr d | ||
| 090 |
_a81'373.7(03) _bФ82 |
||
| 942 | _cBK | ||
| 040 |
_aUA-OsUOA _bukr _cUA-OsUOA _dUA-OsUOA |
||
| 245 |
_aФразеологія перекладів Миколи Лукаша _bсловник-довідник _cО. І. Скопненко, Т. В. Цимбалюк |
||
| 300 |
_a735 с. _bІлюстрації |
||
| 955 | _a2 | ||
| 041 | _aukr | ||
| 080 | _a81'373.7(03) | ||
| 020 | _a966-507-124-6 | ||
| 260 |
_aКиїв _bДовіра _c2003 |
||
| 044 | _aUA | ||
| 650 | 7 |
_a8 Мовознавство. Художня література. Літературознавство _2UDC |
|
| 999 |
_c346387 _d346387 |
||